| 000 | 00547nam a2200181 a 4500 | ||
|---|---|---|---|
| 005 | 20240924071031.0 | ||
| 008 | 991125m19821991mx 000 0 spa u | ||
| 035 | _aUPN01000019017 | ||
| 049 | _aCG | ||
| 050 | 4 |
_aP93 _bP7.4 |
|
| 100 | 1 |
_aPrieto Castillo, Daniel, _d1942- _929583 |
|
| 245 | 1 | 0 |
_aElementos para el análisis de mensajes / _cDaniel Prieto Castillo. |
| 260 |
_a[México] : _bILCE, _c1982 (1991 impr.). |
||
| 300 | _a186 p. | ||
| 650 | 2 |
_aAnálisis de contenido (Comunicación) _9461 |
|
| 650 | 4 |
_aLingüística _96151 |
|
| 905 | _aLibro | ||
| 999 |
_c19017 _d19017 |
||